[Event "WJun Girls"]
[Site "Puerto Madryn ARG"]
[Date "2009.10.22"]
[Round "1"]
[White "Guo,E"]
[Black "Fuchs,Ju"]
[Result "1/2-1/2"]
[WhiteElo "1920"]
[BlackElo "2207"]
[EventDate "2009.10.22"]

1. d4 Nf6 2. Nf3 e6 3. Bf4 c5 4. c3 Nc6 5. e3 Qb6 6. Qc2 Nh5 7. Bg3 Nxg3 8.
hxg3 g6 9. Nbd2 d5 10. Bd3 Bg7 11. Ng5 h6 12. Nh3 Bd7 13. Nf4 O-O-O 14. a4
c4 15. Be2 Na5 16. O-O-O Kb8 17. e4 Nb3+ 18. Nxb3 cxb3 19. a5 Qc7 20. Qxb3
dxe4 21. Rhe1 Bc6 22. Bc4 g5 23. Nh5 Rhg8 24. Nxg7 Rxg7 25. Bb5 f5 26. Qc4
Bxb5 27. Qxb5 h5 28. a6 b6 29. Qa4 Rc8 30. Re2 Rd7 31. Red2 Qc6 32. Qb3 Ka8
33. Kb1 Qd5 34. Qb4 Qc6 35. Qb3 Rb8 36. Rc1 Rc8 37. Rdc2 b5 38. Rd2 Rb8 39.
Rcd1 Qd5 1/2-1/2

[Event "WJun Girls"]
[Site "Puerto Madryn ARG"]
[Date "2009.10.27"]
[Round "7"]
[White "Cori T.,D"]
[Black "Steil Antoni,F"]
[Result "1/2-1/2"]
[WhiteElo "2361"]
[BlackElo "2152"]
[EventDate "2009.10.22"]

1. d4 d5 2. Nf3 Nf6 3. c4 dxc4 4. Qa4+ Nc6 5. Nc3 Nd5 6. e4 Nb6 7. Qd1 Bg4
8. d5 Ne5 9. Be2 Bxf3 10. gxf3 e6 11. Be3 exd5 12. exd5 Bb4 13. Qd4 Qxd5
14. O-O-O Qxd4 15. Bxd4 Bxc3 16. bxc3 f6 17. f4 Nd3+ 18. Bxd3 cxd3 19. Rxd3
Rd8 20. Rg1 Kf7 21. Kc2 Nd5 22. f5 Ne7 23. Rgd1 Nc6 24. Bxa7 Rxd3 25. Rxd3
Ne5 26. Rd1 Ra8 27. Bc5 b6 28. f4 Rxa2+ 29. Kb3 Rxh2 30. fxe5 bxc5 31. Rd7+
Ke8 32. Rxg7 fxe5 33. Kc4 Rf2 34. Kd5 Rxf5 35. Rxh7 Rf3 36. c4 Rd3+ 37.
Kxc5 e4 38. Kc6 e3 39. Rh4 Rd6+ 40. Kxc7 Re6 41. Rh1 e2 1/2-1/2

[Event "WJun Girls"]
[Site "Puerto Madryn ARG"]
[Date "2009.10.27"]
[Round "7"]
[White "Tjolsen,K"]
[Black "Zhang Xiaowen"]
[Result "1/2-1/2"]
[WhiteElo "2178"]
[BlackElo "2391"]
[EventDate "2009.10.22"]

1. d4 Nf6 2. c4 g6 3. Nc3 Bg7 4. e4 d6 5. f4 O-O 6. Nf3 Na6 7. Bd3 e5 8.
fxe5 dxe5 9. d5 Qe7 10. O-O c5 11. Bg5 h6 12. Bh4 g5 13. Bg3 Ne8 14. Qd2
Nac7 15. h3 Nd6 16. Bf2 b6 17. g4 f6 18. Nh2 h5 19. Be2 hxg4 20. Bxg4 Nxc4
21. Qd1 Nd6 22. Be3 Bxg4 23. Nxg4 Qe8 24. Qe2 Qh5 25. Qg2 Rad8 26. Rf2 f5
27. exf5 Nxf5 28. Raf1 Nh4 29. Qe4 Rxf2 30. Rxf2 Ne8 31. Nxe5 Nf6 32. Qd3
Re8 33. Nc4 Nf3+ 34. Kf1 Qxh3+ 35. Ke2 Nd4+ 36. Kd2 Ng4 37. Bxd4 Qxd3+ 38.
Kxd3 cxd4 39. Re2 Rd8 40. Ne4 Rxd5 41. Rg2 Nf6 42. Rxg5 Nh5 43. Rxd5 Nf4+
44. Kd2 Nxd5 45. Ned6 Nb4 46. Nf5 Bf6 47. a3 Bg5+ 48. Kd1 Nc6 49. Ncd6 d3
50. Ne4 Bf4 51. Nf2 Ne5 52. Nh3 Bh2 53. b3 Kf7 54. Nd4 Ke7 55. Kd2 a5 56.
Ke3 Kd6 57. Nf3 Nxf3 58. Kxf3 a4 59. Ke3 axb3 60. Kxd3 Be5 61. Ng5 Kc5 62.
Nf3 Bg7 63. Nd2 b2 64. Kc2 Kd4 65. Nb3+ Ke3 66. Nd2 b5 67. Nb1 Bf6 68. Nd2
Be7 69. Nb1 Bf6 70. Nd2 Bd8 71. Nb1 Ba5 72. Kxb2 Kd3 73. Kb3 Kd4 74. a4
1/2-1/2

[Event "WJun Girls"]
[Site "Puerto Madryn ARG"]
[Date "2009.10.27"]
[Round "7"]
[White "Guo,E"]
[Black "Amed,S"]
[Result "0-1"]
[WhiteElo "1920"]
[BlackElo "2159"]
[EventDate "2009.10.22"]

1. d4 Nf6 2. Nf3 g6 3. Bf4 Bg7 4. h3 O-O 5. e3 d6 6. Be2 Nfd7 7. O-O Nc6 8.
Bh2 e5 9. c4 Kh8 10. Nc3 f5 11. Re1 g5 12. Nd5 g4 13. hxg4 fxg4 14. Nd2 Nf6
15. Bg3 exd4 16. Nxf6 Qxf6 17. Ne4 Qg6 18. Bd3 Bf5 19. exd4 Rae8 20. Qe2
Ne7 21. Qe3 Nc6 22. Qe2 Re6 23. Rad1 Rfe8 24. f3 gxf3 25. Qxf3 Bxd4+ 0-1

[Event "WJun Girls"]
[Site "Puerto Madryn ARG"]
[Date "2009.10.29"]
[Round "8"]
[White "Zhang Xiaowen"]
[Black "Severiukhina,Z"]
[Result "1-0"]
[WhiteElo "2391"]
[BlackElo "2339"]
[EventDate "2009.10.22"]

1. e4 c5 2. Nf3 d6 3. d4 cxd4 4. Nxd4 Nf6 5. Nc3 Nc6 6. Be2 e5 7. Nb3 Be7
8. O-O O-O 9. f4 a5 10. a4 Nb4 11. Kh1 Qc7 12. f5 Rd8 13. Bg5 d5 14. Bxf6
Bxf6 15. exd5 b6 16. Rc1 e4 17. Nxe4 Nxd5 18. Nxf6+ Nxf6 19. Qe1 Bd7 20.
Qh4 Qe5 21. Bf3 Rac8 22. c3 Bxf5 23. Nd4 Bd7 24. Rce1 Qd6 25. Re2 Re8 26.
Ref2 Rc5 27. Bd1 Rce5 28. Bc2 Rh5 29. Qf4 Qxf4 30. Rxf4 Rhe5 31. Kg1 Re1
32. Bb3 Rxf1+ 33. Kxf1 Re7 34. Nf5 Bxf5 35. Rxf5 Ng4 36. Rf4 h5 37. h3 Nf6
38. Rd4 Ne4 39. Bc4 g6 40. Bd3 Nc5 41. Bc2 Kg7 42. Rd6 Re6 43. Rxe6 Nxe6
44. Kf2 Kf6 45. Ke3 Ke5 46. Bb3 Nd8 47. h4 f6 48. g3 Nb7 49. Bc2 f5 50. b4
Nd6 51. Bd3 Kd5 52. Be2 Ne4 53. c4+ Ke5 54. c5 bxc5 55. bxa5 Kd6 56. a6 Kc7
57. Bf3 Kb6 58. Bxe4 fxe4 59. Kxe4 1-0

[Event "WJun Girls"]
[Site "Puerto Madryn ARG"]
[Date "2009.10.31"]
[Round "10"]
[White "Daulyte,D"]
[Black "Leks,H"]
[Result "1/2-1/2"]
[WhiteElo "2307"]
[BlackElo "2169"]
[EventDate "2009.10.22"]

1. e4 e5 2. Nf3 Nf6 3. Nxe5 d6 4. Nf3 Nxe4 5. Nc3 Nxc3 6. dxc3 Be7 7. Be3
Nc6 8. Qd2 Be6 9. O-O-O Qd7 10. Kb1 a6 11. g3 O-O-O 12. Bg2 Bh3 13. Bxh3
Qxh3 14. Qd5 Qe6 15. c4 Nb4 16. Qxe6+ fxe6 17. Nd4 Kd7 18. Rhe1 Nc6 19. c5
Nxd4 20. Bxd4 Bf6 21. cxd6 cxd6 22. Bxf6 gxf6 23. Re4 Ke7 24. Rg4 Rhg8 25.
Rh4 1/2-1/2

[Event "WJun Girls"]
[Site "Puerto Madryn ARG"]
[Date "2009.11.01"]
[Round "11"]
[White "Soumya,Sw"]
[Black "Severiukhina,Z"]
[Result "1/2-1/2"]
[WhiteElo "2297"]
[BlackElo "2339"]
[EventDate "2009.10.22"]

1. e4 c5 2. Nf3 d6 3. d4 cxd4 4. Nxd4 Nf6 5. Nc3 g6 6. Be3 Bg7 7. f3 O-O 8.
Bc4 Nc6 9. Qd2 Bd7 10. O-O-O Ne5 11. Bb3 Rc8 12. Kb1 Re8 13. Bh6 Bh8 14. h4
Nc4 15. Qe1 Qa5 16. g4 b5 17. h5 b4 18. Nce2 Qc5 19. Qh4 e5 20. Nf5 Rc7 21.
hxg6 fxg6 22. Nxd6 Be6 23. Nxe8 Nxe8 24. Rd8 Qc6 25. Rhd1 Bf7 26. Bg5 a5
27. Rh1 Be6 28. Be7 Bg7 29. Bd6 Ncxd6 30. Bxe6+ Kf8 31. c3 Nb7 32. Bd5 Qa6
33. Rxe8+ Kxe8 34. c4 h6 35. Rd1 Nd6 36. Be6 a4 37. Nc1 Qb6 38. b3 1/2-1/2

[Event "WJun Girls"]
[Site "Puerto Madryn ARG"]
[Date "2009.11.01"]
[Round "11"]
[White "Tjolsen,K"]
[Black "Kiran,M"]
[Result "0-1"]
[WhiteElo "2178"]
[BlackElo "2153"]
[EventDate "2009.10.22"]

1. Nf3 Nf6 2. c4 c5 3. Nc3 Nc6 4. g3 d5 5. cxd5 Nxd5 6. Bg2 Nc7 7. O-O e5
8. d3 Be7 9. Nd2 f6 10. Bxc6+ bxc6 11. Qa4 Bd7 12. Qa5 O-O 13. Nde4 Ne6 14.
Qxd8 Rfxd8 15. Nd2 Nd4 16. Nc4 Be6 17. b3 Bxc4 18. bxc4 Rab8 19. g4 e4 20.
Bf4 Rb4 21. Rfd1 exd3 22. exd3 Rb2 23. Kg2 g5 24. Bc1 Rc2 25. Ne4 Ne2 26.
Be3 Nc3 27. Rdc1 Rxc1 28. Rxc1 Nxe4 29. dxe4 Rb8 30. Rd1 Rb4 31. Rd7 Bf8
32. Rxa7 Rxc4 33. Kf3 Rc2 34. Ra6 Be7 35. a4 Ra2 36. e5 fxe5 37. Ra7 Kf8
38. Ke4 c4 39. Kxe5 c3 40. Kd4 0-1

[Event "WJun Girls"]
[Site "Puerto Madryn ARG"]
[Date "2009.11.02"]
[Round "12"]
[White "Zhang Xiaowen"]
[Black "Kiran,M"]
[Result "1-0"]
[WhiteElo "2391"]
[BlackElo "2153"]
[EventDate "2009.10.22"]

1. e4 c5 2. Nf3 d6 3. d4 cxd4 4. Nxd4 Nf6 5. Nc3 a6 6. a4 e5 7. Nf3 Qc7 8.
Be3 Be7 9. Be2 O-O 10. O-O Be6 11. a5 Nbd7 12. Ng5 Qc6 13. Qb1 Kh8 14. Rd1
Nc5 15. Nd5 Bd8 16. c4 h6 17. b4 hxg5 18. bxc5 Ne8 19. Nb4 Qc7 20. cxd6
Nxd6 21. Bb6 Qe7 22. Bc5 Bc7 23. Ra3 Rfd8 24. Nd5 Qd7 25. Nxc7 Qxc7 26. Bb6
Qc6 27. Bxd8 Rxd8 28. Qb6 Rd7 29. Qxc6 bxc6 30. Rdd3 Bxc4 31. Rh3+ 1-0

[Event "WJun Girls"]
[Site "Puerto Madryn ARG"]
[Date "2009.11.03"]
[Round "13"]
[White "Severiukhina,Z"]
[Black "Mikadze,M"]
[Result "0-1"]
[WhiteElo "2339"]
[BlackElo "2317"]
[EventDate "2009.10.22"]

1. e4 c6 2. d4 d5 3. e5 c5 4. dxc5 e6 5. Be3 Nh6 6. b4 a5 7. c3 axb4 8.
cxb4 b6 9. Nf3 Nf5 10. Bg5 Qc7 11. Bd3 bxc5 12. Bxf5 exf5 13. O-O Be6 14.
Nc3 Qd7 15. a4 h6 16. Bd2 cxb4 17. Nb5 Be7 18. Nfd4 O-O 19. Rc1 Na6 20. f4
Rfc8 21. Rxc8+ Rxc8 22. Qh5 Kh7 23. Qe2 Rc4 24. g4 g6 25. Be3 Nc5 26. a5
fxg4 27. Ra1 Na6 28. Nxe6 Qxb5 29. Nd4 Qd7 30. f5 gxf5 31. Qf1 0-1